Environmental engineering (Record no. 5357)

000 -LEADER
fixed length control field 00678nam a2200241 4500
001 - CONTROL NUMBER
control field 5357
003 - CONTROL NUMBER IDENTIFIER
control field BD-DhUET
008 - FIXED-LENGTH DATA ELEMENTS--GENERAL INFORMATION
fixed length control field 141126b xxu||||| |||| 00| 0 eng d
020 ## - INTERNATIONAL STANDARD BOOK NUMBER
International Standard Book Number 0071002316
040 ## - CATALOGING SOURCE
Transcribing agency 0
Modifying agency BD-DhUET
082 ## - DEWEY DECIMAL CLASSIFICATION NUMBER
Classification number 628
Item number PEA/1985
100 ## - MAIN ENTRY--PERSONAL NAME
Personal name Peavy, Howard S
245 ## - TITLE STATEMENT
Title Environmental engineering
250 ## - EDITION STATEMENT
Edition statement 1st ed.
260 ## - PUBLICATION, DISTRIBUTION, ETC. (IMPRINT)
Place of publication, distribution, etc. New york
Name of publisher, distributor, etc. McGraw-Hill
Date of publication, distribution, etc. 1985
300 ## - PHYSICAL DESCRIPTION
Extent xiv,699 p.+various paging
Other physical details ill.
490 ## - SERIES STATEMENT
Series statement McGraw-Hill series in water resources and environmental engineering
504 ## - BIBLIOGRAPHY, ETC. NOTE
Bibliography, etc Includes bibliographies
650 #0 - SUBJECT ADDED ENTRY--TOPICAL TERM
Topical term or geographic name as entry element Environmental engineering
700 ## - ADDED ENTRY--PERSONAL NAME
Personal name Rowe, Donald R.
700 ## - ADDED ENTRY--PERSONAL NAME
Personal name Tchobanoglous, George
942 ## - ADDED ENTRY ELEMENTS (KOHA)
Koha item type General Book
Holdings
Withdrawn status Lost status Koha issues (times borrowed) Koha renewals Date acquired Piece designation (barcode) Shelving location Koha date last seen Koha full call number Not for loan Location (home branch) Koha normalized classification for sorting Sublocation or collection (holding branch) Koha date last borrowed Copy number Koha item type Price effective from Damaged status Source of classification or shelving scheme
  9 2014-11-2681896Circulation section2024-09-08628/PEA/1985 Central Library, BUET628PEA1985Central Library, BUET2023-12-101General Book2014-11-26  
  10 2014-11-2681895Circulation section2024-06-02628/PEA/1985 Central Library, BUET628PEA1985Central Library, BUET2024-03-162General Book2014-11-26  
    2015-06-1888788Reading section2015-06-18628/PEA/1985 Central Library, BUET628_000000000000000_PEA_1985Central Library, BUET 3Reading Item2015-06-18  
    2015-06-1887579Reading section2015-06-18628/PEA/1985 Central Library, BUET628_000000000000000_PEA_1985Central Library, BUET 4Reading Item2015-06-18  
  2 1991-10-2881894Circulation section2021-11-13628/PEA/1985 Central Library, BUET628_000000000000000_PEA_1985Central Library, BUET2020-03-165General Book2017-10-31  
    1991-10-2881847Rental section2024-12-01628 PEA/1985 Central Library, BUET628_000000000000000_PEA_1985Central Library, BUET ক-৫১Rental Item2024-12-01  
    1991-10-2881874Rental section2024-12-01628 PEA/1985 Central Library, BUET628_000000000000000_PEA_1985Central Library, BUET ক-৭৮Rental Item2024-12-01  
    1991-10-2881875Rental section2024-12-01628 PEA/1985 Central Library, BUET628_000000000000000_PEA_1985Central Library, BUET ক-৭৯Rental Item2024-12-01  
    1991-10-2881876Rental section2024-12-01628 PEA/1985 Central Library, BUET628_000000000000000_PEA_1985Central Library, BUET ক-৮০Rental Item2024-12-01  
    1991-10-2881877Rental section2024-12-01628 PEA/1985 Central Library, BUET628_000000000000000_PEA_1985Central Library, BUET ক-৮১Rental Item2024-12-01  
    1991-10-2881878Rental section2024-12-01628 PEA/1985 Central Library, BUET628_000000000000000_PEA_1985Central Library, BUET ক-৮২Rental Item2024-12-01  
    1991-10-2881879Rental section2024-12-01628 PEA/1985 Central Library, BUET628_000000000000000_PEA_1985Central Library, BUET ক-৮৩Rental Item2024-12-01  
    1991-10-2881880Rental section2024-12-01628 PEA/1985 Central Library, BUET628_000000000000000_PEA_1985Central Library, BUET ক-৮৪Rental Item2024-12-01  
    1991-10-2881881Rental section2024-12-01628 PEA/1985 Central Library, BUET628_000000000000000_PEA_1985Central Library, BUET ক-৮৫Rental Item2024-12-01  
    1991-10-2881882Rental section2024-12-01628 PEA/1985 Central Library, BUET628_000000000000000_PEA_1985Central Library, BUET ক-৮৬Rental Item2024-12-01  
    1991-10-2881883Rental section2024-12-01628 PEA/1985 Central Library, BUET628_000000000000000_PEA_1985Central Library, BUET ক-৮৭Rental Item2024-12-01  
    1991-10-2881884Rental section2024-12-01628 PEA/1985 Central Library, BUET628_000000000000000_PEA_1985Central Library, BUET ক-৮৭Rental Item2024-12-01